| 000 | 00933cam a2200229 4500 | ||
|---|---|---|---|
| 001 | WB3742-10 | ||
| 008 | 011106n2001 000 0 eng u | ||
| 035 | _a(Sirsi) u115510 | ||
| 245 | _aGermany: most sought after market | ||
| 260 | _c2001 | ||
| 490 |
_aRetail Week _v2 November 2001, 25(1) |
||
| 520 | _aAccording to the latest research by property consultancy Healey & Baker, Germany will be the top European target for international retailers seeking new cross-border representation over the next five years. Germany will be followed by Spain and the UK. Central Europe also features heavily in the top 10 destinations. | ||
| 590 | _aWB | ||
| 650 | _aHEALEY AND BAKER | ||
| 650 | _aRESEARCH | ||
| 650 | _aGERMANY | ||
| 650 | _aDEMAND | ||
| 650 | _aFORECASTS | ||
| 650 | _aPROPERTY-COMMERCIAL PROPERTY-RETAIL PROPERTY-RETAIL PROPERTY MARKET | ||
| 690 | _aPROPERTY-COMMERCIAL PROPERTY-RETAIL PROPERTY | ||
| 942 | _n0 | ||
| 999 |
_c68797 _d68797 |
||